1000 listening comprehension practice test items for the new TOEIC test

Enregistré dans:
Détails bibliographiques
Auteur principal: Lee, Jim
Format: Livre
Langue:Undetermined
Publié: Thành phố Hồ Chí Minh Tổng hợp Thành phố Hồ Chí Minh 2008
Sujets:
Tags: Ajouter un tag
Pas de tags, Soyez le premier à ajouter un tag!
Thư viện lưu trữ: Trung tâm Học liệu Trường Đại học Cần Thơ
LEADER 00626nam a2200205Ia 4500
001 CTU_159274
008 210402s9999 xx 000 0 und d
020 |c 183000 
082 |a 428.0076 
082 |b L477 
100 |a Lee, Jim 
245 0 |a 1000 listening comprehension practice test items for the new TOEIC test 
245 0 |c Jim Lee 
260 |a Thành phố Hồ Chí Minh 
260 |b Tổng hợp Thành phố Hồ Chí Minh 
260 |c 2008 
650 |a English language,Tiếng Anh 
650 |x TOEIC,TOEIC 
904 |i QHieu 
980 |a Trung tâm Học liệu Trường Đại học Cần Thơ